Tovább kell javítani a munkavédelmet a helyi iparban és a termelőszövetkezetekben jóváhagyta az újszegedi Odessza városrész beruházási programját a városi tanács végrehajtó bizottsága
Elmentve itt :
| Dokumentumtípus: | Cikk |
|---|---|
| Megjelent: |
1961-12-06
|
| Sorozat: | Délmagyarország
|
| Kulcsszavak: | Lakásépítés lakótelep Újszeged 1961 |
| Online Access: | http://dmarchiv.bibl.u-szeged.hu/55129 |
| LEADER | 00591nab a2200145 i 4500 | ||
|---|---|---|---|
| 001 | delm55129 | ||
| 005 | 20180927141855.0 | ||
| 008 | 180927s1961 hu o 0|| hun d | ||
| 040 | |a SZTE Délmagyarország Archívum |b hun | ||
| 041 | |a hun | ||
| 245 | 0 | 0 | |a Tovább kell javítani a munkavédelmet a helyi iparban és a termelőszövetkezetekben |h [elektronikus dokumentum] : |b jóváhagyta az újszegedi Odessza városrész beruházási programját a városi tanács végrehajtó bizottsága |
| 260 | |c 1961-12-06 | ||
| 300 | |a 3 | ||
| 490 | 0 | |a Délmagyarország | |
| 695 | |a Lakásépítés lakótelep Újszeged 1961 | ||